000 01026 a2200229 4500
003 Nust
005 20221221093611.0
010 _a 89004791
020 _a0806121998 (alk. paper)
040 _cNust
082 0 0 _a323.1,OBR
100 1 _aO'Brien, Sharon.
_9105436
245 1 0 _aAmerican Indian tribal governments /
_cby Sharon O'Brien.
250 _a1st ed.
260 _aNorman :
_bUniversity of Oklahoma Press,
_cc1989.
300 _axviii, 349 p. :
_bill. ;
_c27 cm.
440 4 _aThe Civilization of the American Indian series ;
_v[v. 192]
_9105437
505 _aIntroduction (Page-3), The Effects of Indian White Relations on Tribal Government A History (Page-35), Modern Tribal Government and Their Powers (Page-93), Tribal Federal and Tribal State Relations (Page-93), Tribal Federal and Tribal State Relations An Overview (Page-255).
650 0 _aIndians of North America
_xGovernment relations.
_923043
650 0 _aIndians of North America
_xPolitics and government.
_9105438
942 _2ddc
_cBK
_k323.1,OBR
999 _c184251
_d184251